=LDR 00000nam 2200000 4500 =001 INLIS000000000005316 =005 20251013011853 =035 ##$$a 0010-1025000371 =007 ta =008 251013###########################0#ind## =082 ##$$a 354.62 =084 ##$$a 354.62 BAD b =100 #$$a Badan Koordinasi Keluarga Berencana Nasional =245 1#$$a Background Paper Pra Rakernas /$c Badan Koordinasi Keluarga Berencana Nasional =260 ##$$a Jakarta :$b Badan Koordinasi Keluarga Berencana Nasional,$c 2000 =300 ##$$a 6 Hal : $b Ilus ; $c 21 =650 #4$$a Keluarga Berencana =856 ##$$a Perpustakaan Kemendukbangga